000 00517nam a22001697a 4500
005 20180905181556.0
010 _aB-225047
020 _a8125918094
_c210.00
035 _aB-225047
037 _bVikas Publishing House Pvt Ltd
082 _a658.3
100 _aAquinas, P. G.
245 _aHuman resource managment:
_bprinciples and practice
_cP. G. Aquinas
260 _aNoida
_bVikas Publishing House Pvt Ltd
300 _a326p. (It include index)
_c23cm (pbk)
942 _2ddc
_cEN
_h658.3
_mAQU
999 _c157014
_d157014